Africa: What Does It Border? Quiz Stats

 Plays Quiz Updated Jun 7, 2018

Challenge
Share
Tweet
Embed
Score 0/10 Timer 02:00
24 Plays Today
% Correct
Algeria
90.6%
South Africa
88.7%
Sudan
81.8%
Kenya
79.2%
Somalia
77.9%
Senegal
69.6%
Togo
67.4%
Guinea
65.3%
Cameroon
65.1%
Angola
57.7%

You're not logged in!

Compare scores with friends on all Sporcle quizzes.
Join for Free
OR
Log In

You Might Also Like...

Show Comments

Extras

Top Quizzes Today


Score Distribution

Your Account Isn't Verified!

In order to create a playlist on Sporcle, you need to verify the email address you used during registration. Go to your Sporcle Settings to finish the process.

Report this User

Report this user for behavior that violates our Community Guidelines.

Details: